Diseño, implementación y prueba en tiempo real de un algoritmo de detección de cambios
Guardado en:
| 主要作者: | |
|---|---|
| 其他作者: | |
| 格式: | 图书 |
| 语言: | Spanish |
| 出版: |
[San José], Costa Rica
2013
|
| 主题: | |
| 标签: |
添加标签
没有标签, 成为第一个标记此记录!
|
MARC
| LEADER | 00000nam a22000007a 4500 | ||
|---|---|---|---|
| 003 | 011946 | ||
| 005 | 20230817145237.0 | ||
| 008 | 150309b2013 cr a|||| |||| 00| ||spa d | ||
| 040 | |c cru CEDI | ||
| 100 | |9 1118 |a Navarro Fennell, Carmen Gloria, 1989- | ||
| 245 | |a Diseño, implementación y prueba en tiempo real de un algoritmo de detección de cambios | ||
| 260 | |a [San José], Costa Rica |c 2013 | ||
| 300 | |a [San José], Costa Rica, 2013. | ||
| 500 | |a Proyecto de graduación (bachillerato en ingeniería eléctrica)--Universidad de Costa Rica. Facultad de Ingeniería. Escuela de Ingeniería Eléctrica | ||
| 501 | |a Profesor Guía de IE-0499 Proyecto Eléctrico: Dr.-Ing. Geovanni Martínez Castillo | ||
| 650 | |x VIDEO DIGITAL |x PROCESAMIENTO DIGITAL DE IMAGENES |x ALGORITMOS (COMPUTADORAS) |x C (LENGUAJE DE PROGRAMACION PARA COMPUTADORA) |x PROCESAMIENTO ELECTRONICO DE DATOS |x PROGRAMAS PARA COMPUTADORA |9 396 | ||
| 700 | |9 1063 |a Martínez Castillo, Geovanni Arturo , 1965- |d Director del Proyecto Eléctrico | ||
| 942 | |c CEDI |h TFG 7112 |6 TFG_7112_000000000000000 | ||
| 999 | |c 13669 |d 13669 | ||
